Multiple Choice - Country Images - Statistics

General Stats
  • This quiz has been taken 8 times
  • The average score is 5 of 15
Answer Stats
Question Answer % Correct
Malta
75%
Namibia
63%
Uzbekistan
50%
Montenegro
50%
Iceland
38%
Seychelles
25%
Czech Republic
25%
Bolivia
25%
Chad
25%
Sri Lanka
13%
Moldova
13%
Guatemala
13%
Cyprus
13%
Bahrain
13%
Georgia
13%
No matching quizzes found
Score Distribution
Percent of People with Each Score
Percentile by Number Answered
Your Score History
You have not taken this quiz